LEADER 04271nam 2200709 a 450 001 9910970150303321 005 20251117075739.0 010 $a9780857451903 010 $a0857451901 024 7 $a10.1515/9780857451903 035 $a(CKB)2670000000114075 035 $a(EBL)769397 035 $a(OCoLC)751694542 035 $a(SSID)ssj0000537246 035 $a(PQKBManifestationID)12197350 035 $a(PQKBTitleCode)TC0000537246 035 $a(PQKBWorkID)10550705 035 $a(PQKB)10875723 035 $a(MiAaPQ)EBC769397 035 $a(Au-PeEL)EBL769397 035 $a(CaPaEBR)ebr10497646 035 $a(CaONFJC)MIL508999 035 $a(DE-B1597)636629 035 $a(DE-B1597)9780857451903 035 $a(Perlego)540967 035 $a(iGPub)BERGHAHNB0000955 035 $a(EXLCZ)992670000000114075 100 $a20110506d2011 uy 0 101 0 $aeng 135 $aur|n|---||||| 181 $ctxt 182 $cc 183 $acr 200 00$aGrassroots memorials $ethe politics of memorializing traumatic death /$fedited by Peter Jan Margry and Cristina Sa?nchez-Carretero 205 $a1st ed. 210 $aNew York $cBerghahn Books$d2011 215 $a1 online resource (386 p.) 225 1 $aRemapping cultural history ;$v12 300 $aDescription based upon print version of record. 311 08$a9780857451897 311 08$a0857451898 320 $aIncludes bibliographical references and index. 327 $a"Difficult remembrance" : memorializing mafia victims in Palermo / Deborah Puccio-Den -- Ritual mediations of violent death : an ethnography of the Theo van gogh memorial site, Amsterdam / Irene Stengs -- Between commemoration and social activism : spontaneous shrines, grassroots memorialization, and the public ritualesque in Derry / Jack Santino -- Memorializing shooters with their victims : Columbine, Virginia Tech, Northern Illinois University / Sylvia Grider -- Contesting objectionable death -- Marking death : grief, protest and politics after a fatal traffic accident / Monika Rulfs -- Ghost bikes : memorialization and protest on city streets / Robert Thomas Dobler -- Mourning the Polish Pope in Polish cities / Ewa Klekot -- Remembering la tragedia : commemorations of the floods of 1999 in Venezuela / Sandrine Revet -- Sociability and reflexive anti-terrorism -- Street shrines and the writing of disaster : 9/11, New York 2001 / Beatrice Fraenkel -- The Madrid train bombings : enacting the emotional body at the march 11 grassroots memorials / Cristina Sanchez-Carretero -- Purification and remembrance : eastern and western ways to deal with the Bali bombing / Huub de Jonge -- Instrumentalizing repositories of memory -- Collecting and interpreting spontaneous shrines and memorials / James B. Gardner -- Piazza Carlo Giuliani. Genova, G8/2001 : death, testimony, memory / Fabio Caffarena & Carlo Stiaccini -- Memorializing a controversial politician : the "heritageization" of a materialized Vox Populi / Peter Jan Margry. 330 $a Grassroots memorials have become major areas of focus during times of trauma, danger, and social unrest. These improvised memorial assemblages continue to display new and more dynamic ways of representing collective and individual identities and in doing so reveal the steps that shape the national memories of those who struggle to come to terms with traumatic loss. This volume focuses on the hybrid quality of these temporary memorials as both monuments of mourning and as focal points for protest and expression of discontent. The broad range of case studies in this volume include anti-mafia 410 0$aRemapping cultural history ;$vv. 12. 606 $aDeath$xSocial aspects 606 $aMemorialization 606 $aSocial movements$xPolitical aspects 615 0$aDeath$xSocial aspects. 615 0$aMemorialization. 615 0$aSocial movements$xPolitical aspects. 676 $a393/.9 676 $a393.9 701 $aMargry$b P. J$g(Peter Jan)$0866900 701 $aSa?nchez Carretero$b Cristina$01896579 801 0$bMiAaPQ 801 1$bMiAaPQ 801 2$bMiAaPQ 906 $aBOOK 912 $a9910970150303321 996 $aGrassroots memorials$94551341 997 $aUNINA